UBT Library

The price of civilization : (Record no. 44488)

000 -LEADER
fixed length control field 00922cam a2200289 a 4500
001 - CONTROL NUMBER
control field 16726364
005 - DATE AND TIME OF LATEST TRANSACTION
control field 20180308080807.0
008 - FIXED-LENGTH DATA ELEMENTS--GENERAL INFORMATION
fixed length control field 110408s2011 nyua b 001 0 eng
010 ## - LIBRARY OF CONGRESS CONTROL NUMBER
LC control number 2011014631
020 ## - INTERNATIONAL STANDARD BOOK NUMBER
International Standard Book Number 9781400068418 (hc : alk. paper)
020 ## - INTERNATIONAL STANDARD BOOK NUMBER
International Standard Book Number 140006841X (hc : alk. paper)
020 ## - INTERNATIONAL STANDARD BOOK NUMBER
International Standard Book Number 9780679605027 (eBook)
035 ## - SYSTEM CONTROL NUMBER
System control number (OCoLC)ocn711989050
040 ## - CATALOGING SOURCE
Original cataloging agency DLC
Language of cataloging eng
Transcribing agency DLC
Modifying agency YDXCP
-- NPL
-- IK2
-- ABG
-- ORX
-- IEB
-- BWX
-- TXA
-- DLC
041 ## - LANGUAGE CODE
Language code of text/sound track or separate title eng
042 ## - AUTHENTICATION CODE
Authentication code pcc
043 ## - GEOGRAPHIC AREA CODE
Geographic area code n-us---
080 ## - UNIVERSAL DECIMAL CLASSIFICATION NUMBER
Universal Decimal Classification number 330.973 SAC
082 00 - DEWEY DECIMAL CLASSIFICATION NUMBER
Classification number 330.973 SAC
Edition number 22
100 1# - Rafti
Rafti 52
101 ## - Shkurtesa
Shkurtesa EKO
245 14 - TITLE STATEMENT
Title The price of civilization :
Statement of responsibility, etc Jeffrey D. Sachs.
504 ## - BIBLIOGRAPHY, ETC. NOTE
Bibliography, etc Includes bibliographical references (p. [277]-307) and index.
906 ## - LOCAL DATA ELEMENT F, LDF (RLIN)
a 7
b cbc
c orignew
d 1
e ecip
f 20
g y-gencatlg
942 ## - ADDED ENTRY ELEMENTS (KOHA)
Source of classification or shelving scheme
Item type Books
Holdings
Withdrawn status Lost status Source of classification or shelving scheme Damaged status Not for loan Collection code Permanent location Current location Shelving location Date acquired Total Checkouts Full call number Barcode Date last seen Price effective from Koha item type
          Koleksioni i përgjithshem UBT - Lipjan UBT - Lipjan Koleksioni i përgjithshem 03/08/2018   330.973 SAC 002-3001096 03/08/2018 03/08/2018 Books
UBT Library © 2015-2024. All rights reserved University Education for Business and Technology